00953naa#a2200181#i#4500001001500000005001700015100004100032102000700073200021800080210016900298215001000467608006000477675007200537700003600609700005600645700005200701856001800753RU\\bibl\1942520260516024258.6##a20260515b2026####ek#y0rusy0150####ca##aRU1#aРОСТ И ПРОДУКТИВНОСТЬ СОСНЫ ОБЫКНОВЕННОЙ И СОСНЫ КРЫМСКОЙ В УСЛОВИЯХ ГОРОДА СЕВАСТОПОЛЯeСтатья/тезисы конференции1#aВоронежcВоронежский государственный лесотехнический университет имени Г.Ф. Морозоваd2026##a7 с.##aСтатья/тезисы конференции2local##aУсловия существования растений. 630.181#1aКопыленковаgА. А.#1aЦепляевgАлексей Николаевич#1aЖурихинgАлексей Иванович4#abibl.vgltu.ru